1442 1865 1322 1513 1187 1717 1258 1347 1493 1769 1436 1124 1192 1946 1875 1974 1052 1919 1977 1994 1374 1202 1840 1403 1070 1687 1707 1688 1138 1756 1402 1329 1568 1830 1680 1708 1532 1686 1459 1704 1260 1035 1202 1867 1358 1354 1351 1214 1932 1464 1866 1666 1082 1770 1441 1070 1866 1668 1830 1410 1155 1948 1447 1426 1205 1991 1061 1469 1007 1684 1714 1148 1861 1648 1350 1879 1822 1012 1988 1648 1327 1263 1293 1531 1972 1748 1970 1264 1713 1522 1971 1569 1226 1060 1018 1406 1347 1734 1401 BCNSPRNW ULIB Ver.6.0+V

เปลี่ยนเป็นภาษาไทย

Change to English
 แสดงรายละเอียดบรรณานุกรม
  กลับหน้าหลัก

Brief Record : Get Marc (ISO 2709) : E-mail record : QR code < ปิดหน้าต่าง
LEADER : 00000nam 2200000uu 4500
001    13399125268
003     ULIB
008    170110s||||||||th 000 0 tha d
099    ^aวจ.HM 132 จ533ค
100    ^aจิรพร จันทรมณี, สุภาเพ็ญ ปาณะวัฒนพิสุทธิ์ และนภัสวรรณ บุญประเสริฐ
245    ^aความพึงพอใจของบุคลากรต่อระบบการบริหารของวิทยาลัยพยาบาลบรมราชชนนี สวรรค์ประชารักษ์ นครสวรรค์
260    ^aนครสวรรค์ :^bวิทยาลัยพยาบาลบรมราชชนนี สวรรค์ประชารักษ์ นครสวรรค์,^c2550
300    ^a73 หน้า;^b29 ซม.
650    ^aการบริหาร^xวิจัย
945    ^p0^l0^i23783
945    ^p0^l0^i23784
945    ^p0^l0^i23785
945    ^p0^l0^i23786
995    ^aกัณชพร
999 ^a กัณชพร
รายการนี้ยังไม่มีแท็ก
คุณยังไม่ได้ล็อกอิน คุณสามารถมีกิจกรรมร่วมกับเว็บไซต์ได้ แต่ต้องล็อกอินก่อน ::
  ล็อกอิน

รายการสื่อสารสนเทศ

ลำดับที่ ประเภท เลขเรียก/บาร์โค้ด สถานที่ สถานะ
1. งานวิจัย
งานวิจัย
วจ.HM 132 จ533ค ฉ.1 
  Barcode: 23783
ห้องสมุดวิทยาเขตนครสวรรค์
►วิจัย:l:Research Room
บนชั้น
2. งานวิจัย
งานวิจัย
วจ.HM 132 จ533ค ฉ.2 
  Barcode: 23784
ห้องสมุดวิทยาเขตนครสวรรค์
►วิจัย:l:Research Room
บนชั้น
3. งานวิจัย
งานวิจัย
วจ.HM 132 จ533ค ฉ.3 
  Barcode: 23785
ห้องสมุดวิทยาเขตนครสวรรค์
►วิจัย:l:Research Room
บนชั้น
4. งานวิจัย
งานวิจัย
วจ.HM 132 จ533ค ฉ.4 
  Barcode: 23786
ห้องสมุดวิทยาเขตนครสวรรค์
►วิจัย:l:Research Room
บนชั้น

รายการใกล้เคียง
    ชื่อเรื่อง [ความพึงพอใจของบุคลากรต่อระบบการบริหารของวิทยาลัยพยาบาลบรมราชชนนี สวรรค์ประชารักษ์ นครสวรรค์]

BibComment


ยังไม่เคยถูกคอมเมนท์

คอมเมนท์ทรัพยากรรายการนี้
  คอมเมนท์: ความพึงพอใจของบุ..


 Copyright 2026. Bcnsprnw @Library